• 首页
  • 本馆介绍
  • 公告通知
  • 最新文献
  • 馆藏检索
  • 电子资源
  • 读者导购
  • 参考咨询
  • 我的图书馆
  • 登录
  • 详细信息显示
  • 放入我的书架
  • 预约/预借图书
  • 作者相关作品
  • 分类相关作品
  • 丛书相关作品
  • 出版社相关作品

书目信息

  • 表格格式
  • 工作单格式
  • 卡片格式
题名:
游泳
    
 
作者: 体育院、系教材编审委员会《游泳》编写组 编 ;体育院、系教材编审委员会《游泳》编写组 编
分册:  
出版信息: 北京   人民体育出版社  1978.09
页数: 289页
开本: 20cm
丛书名:
单 册:
中图分类: G861.1
科图分类:
主题词: 水上运动
电子资源:
ISBN:
000 00793nam0 2200229 45
001 0307011505
005 20060813093453.75
010    @dCNY1.15
091    @a7015.1672
100    @a20030701d1978 km y0chiy0120 ea
101 0  @achi
105    @aa z 000yy
200 1  @a游泳@AYou Yong@f体育院、系教材编审委员会《游泳》编写组编@Fti yu yuan、xi jiao cai bian shen wei yuan hui《you yong》bian xie zu bian
210    @a北京@c人民体育出版社@d1978.09
215    @a289页@c图表@d20cm
300    @a体育系通用教材
606 0  @a水上运动
690    @aG861.1@v3
701  0 @a体育院、系教材编审委员会《游泳》编写组@Ati yu yuan、xi jiao cai bian shen wei yuan hui《you yong》bian xie zu@4编
711 02 @a体育院、系教材编审委员会《游泳》编写组@4编
801    @aCN@bTSTC@c20060813
905    @dG861.1@e1
    
    游泳/体育院、系教材编审委员会《游泳》编写组编.-北京:人民体育出版社,1978.09
    289页:图表;20cm
    体育系通用教材
    
    ISBN :CNY1.15
    
●
相关链接 在E读中查询图书 在五车中查询图书 在当当中查询图书 在豆瓣中查询图书


正题名:游泳     索取号:G861.1/1         预约/预借

序号 登录号 条形码 馆藏地/架位号 状态 备注
1 0002546   001826046   密集书库/ [索取号:G861.1/1] 在馆    
2 0002547   202140593   密集书库/ [索取号:G861.1/1] 在馆    
3 0002549   202140584   密集书库/ [索取号:G861.1/1] 在馆    
4 0054984   202140566   密集书库/ [索取号:G861.1/1] 在馆    
5 0054985   000990734   密集书库/ [索取号:G861.1/1] 在馆    
6 0054986   001825993   密集书库/ [索取号:G861.1/1] 在馆    
7 0054988   000990770   密集书库/ [索取号:G861.1/1] 在馆    
8 0072777   202140478   密集书库/ [索取号:G861.1/1] 在馆    
9 0072778   000990789   第一样本阅览室/ [索取号:G861.1/1] 在馆    
10 0112212   001826037   密集书库/ [索取号:G861.1/1] 在馆    
11 0112213   202252089   密集书库/ [索取号:G861.1/1] 在馆    
12 0112214   000990798   密集书库/ [索取号:G861.1/1] 在馆    
13 0112215   000990761   密集书库/ [索取号:G861.1/1] 在馆    
14 0112216   000990805   密集书库/ [索取号:G861.1/1] 在馆    
15 0112217   000990743   密集书库/ [索取号:G861.1/1] 在馆    
16 0112218   000990752   密集书库/ [索取号:G861.1/1] 在馆    
17 0112219   202140600   密集书库/ [索取号:G861.1/1] 在馆    
18 0112220   001826082   密集书库/ [索取号:G861.1/1] 在馆    
19 0112221   001826126   密集书库/ [索取号:G861.1/1] 在馆    
20 0112222   202140469   密集书库/ [索取号:G861.1/1] 在馆    
21 0112223   001826073   密集书库/ [索取号:G861.1/1] 在馆    
22 0450084   204500842   密集书库/ [索取号:G861.1/1] 在馆    
23 0459172   204591726   密集书库/ [索取号:G861.1/1] 在馆    
唐山师范学院图书馆 欢迎您!
大连网信软件有限公司© 版权所有